| 000 | 00529nam a2200217Ia 4500 | ||
|---|---|---|---|
| 003 | OSt | ||
| 005 | 20220924133433.0 | ||
| 006 | a|||||r|||| 00| 0 | ||
| 007 | ta | ||
| 008 | 220923b |||||||| |||| 00| 0 snd d | ||
| 024 | _a265314 | ||
| 037 | _cTextual | ||
| 040 |
_aARTS _cARTS _bsnd |
||
| 041 |
_2snd _asnd |
||
| 082 | _aO1593,3, L3 | ||
| 100 |
_aBhala Harbans _9206475 |
||
| 245 | 0 | _aPyar je rain anange | |
| 260 | _c1973 | ||
| 942 |
_hO1593,3, L3 _cTEXL _2CC |
||
| 999 |
_c433853 _d433853 |
||